01903nam a22002657a 450000500170000000800410001702000180005804000070007604100120008308200220009510000320011724500320014926000260018130000240020736500470023152010100027865000280128865000350131665000240135165000240137570000350139994200120143499900190144695201720146520260202150937.0221230b ||||| |||| 00| 0 eng d a9781529029581 cAL aEnglish 223a895.636bKAWB aToshikazu Kawaguchi9253567 aBefore The Coffee Gets Cold aLondonbPicadorc2019 a213pbPBc19.5x13cm b₹413.00c₹d₹550.00e20%f19-12-2022 aIn a small back alley in Tokyo, there is a café which has been serving carefully brewed coffee for more than one hundred years. But this coffee shop offers its customers a unique experience: the chance to travel back in time. In Before the Coffee Gets Cold, we meet four visitors, each of whom is hoping to make use of the café’s time-travelling offer, in order to: confront the man who left them, receive a letter from their husband whose memory has been taken by early onset Alzheimer's, to see their sister one last time, and to meet the daughter they never got the chance to know. But the journey into the past does not come without risks: customers must sit in a particular seat, they cannot leave the café, and finally, they must return to the present before the coffee gets cold . . . Toshikazu Kawaguchi’s beautiful, moving story explores the age-old question: what would you change if you could travel back in time? More importantly, who would you want to meet, maybe for one last time? aJapanese fiction967957 aInterpersonal relations967958 aJapan--Tokyo967959 aCoffeehouses967960 aTrousselot, Geoffrey Tr967962 2ddccBK c226123d226123 00102ddc40708GENaALbALd2022-12-27eVidyarthi Books Bengaluru 560076g412.00l6m1o895.636 KAWBp076308r2024-10-24 00:00:00s2024-10-10v550.00w2022-12-30yBK